000 00523nam a2200193 a 4500
001 1767004499396
003 YourLibrary
005 20260102153919.0
008 251229s2001##################000#0#eng##
020 _a9780415240314
082 0 4 _a294.5178
_bGOS
100 1 _aGosling, David L.,
_eauthor.
245 1 0 _aReligion and Ecology in India and Southeast Asia :
260 _bPsychology Press,
_c2001.
300 _a228 pages
650 0 _aReligion.
942 _cENGLISH
040 _aYourLibrary
_beng
_cYourLibrary
999 _c606760
_d606760